000 00522nam a2200229Ia 4500
005 20250425162200.0
008 250425s9999 xx 000 0 und d
020 _a8477648956
041 _aspa
043 _asp
082 _a657
100 _aNICKERSON, CLARENCE B.
245 0 _aMANUAL DE CONTABILIDAD PARA NO CONTADORES
250 _aS.E.
260 _aBARCELONA
260 _aEspaƱa
_bOCEANO
_c1997
300 _a619
650 _aCONTABILIDAD
650 _aMANUALES
942 _c01
010 _a54630
999 _c224000
_d224000